Missing Word: Kevin Bacon (A-Z) Quiz Stats

Quiz Updated May 12, 2015

Challenge
Share
Tweet
Embed
Score 0/20 Timer 03:00
0 Plays Today
Hint Missing Word % Correct
A Few _____ Men Good
97.5%
_____ the 13th Friday
97.5%
My One and _____ Only
96%
Crazy, Stupid, _____Love
95.2%
The Air _____ Breathe I
92.5%
He _____ , She _____ Said
90.5%
_-_____ : First Class X-Men
89.9%
_____ ThingsWild
85.4%
The Air _____ ThereUp
83.5%
_____ House Animal
81.5%
Hint Missing Word % Correct
My _____ SkipDog
79.3%
_____ River Mystic
79.2%
Where the _____ LiesTruth
65.4%
The _____ WildRiver
63.3%
_____ Mansfield's CarJayne
48.2%
_____ Man Hollow
43.7%
Stir of _____ Echoes
39.8%
_____ ShopBeauty
32.5%
_____ LawCriminal
23.9%
The Big _____ Picture
12.7%

Today's Daily Dose

You're not logged in!

Compare scores with friends on all Sporcle quizzes.
Sign Up with Email
OR
Log In

You Might Also Like...

Show Comments

Extras

Top Quizzes Today


Score Distribution

Your Account Isn't Verified!

In order to create a playlist on Sporcle, you need to verify the email address you used during registration. Go to your Sporcle Settings to finish the process.